LEADER 03366nam 2200529 a 450 001 9910785178203321 005 20230721013352.0 010 $a1-61728-147-6 035 $a(CKB)2670000000041799 035 $a(EBL)3020074 035 $a(SSID)ssj0000412816 035 $a(PQKBManifestationID)12156103 035 $a(PQKBTitleCode)TC0000412816 035 $a(PQKBWorkID)10370423 035 $a(PQKB)11348522 035 $a(MiAaPQ)EBC3020074 035 $a(Au-PeEL)EBL3020074 035 $a(CaPaEBR)ebr10675082 035 $a(OCoLC)659565237 035 $a(EXLCZ)992670000000041799 100 $a20081117d2009 uy 0 101 0 $aeng 135 $aur|n|---||||| 181 $ctxt 182 $cc 183 $acr 200 00$aBinomium chitin-chitinase$b[electronic resource] $erecent issues /$fSalvatore Musumeci and Maurizio G. Paoletti, editors 210 $aHauppauge, N.Y. $cNova Science Publishers$dc2009 215 $a1 online resource (481 p.) 300 $aDescription based upon print version of record. 311 $a1-60692-339-0 320 $aIncludes bibliographical references and index. 327 $aNew aspects of chitin chemistry and enzymology / Riccardo Muzzarelli -- Role of chitinase in nature / Neetu Dahiya -- Chitin and chitinase in the human evolution / Andrea Giansanti, Fabio Mecozzi, and Salvatore Musumeci -- Chitinase in fungal and bacterial sepsis / Helen Michelakakis and Ioannis Labadaridis -- The origin and genetics of human chitinases / Rolf Boot ... [et al.] -- Polymorphism of chitinases in human populations / Andrea Angius -- The gaucher cell and chitotriosidase, the phagocyte chitinase / J.M. Aerts & R.G. Boot -- Chitinase activity in atherosclerosis disease / Ana Cenarro and Fernando Civeira -- Chitotriosidase activity in juvenile idiopathic arthritis and juvenile sarcoidosis / Juergen Brunner -- Chitinase in neurological diseases / Stefano Sotgiu -- Chitin in Alzheimer disease / Luis F. Gonzalez Cuyar, Rudy J. Castellani -- Chitin and chitinase in anticancer research / Xing Q. Pan -- YKL-40 in inflammation, tissue remodelling, and cancer / Julia Johansen -- Chitotriosidase in patients with beta-thalassemia / Rita Barone -- Chitotriosidase in the plasmodium, anopheles, and human interaction / Salvatore Musumeci and Maria Musumeci -- Role of amcase in the allergic ocular pathologies / Salvatore Musumeci and Maria Musumeci -- Chitinase in the immune response / Maria Musumeci and Salvatore Musumeci -- The role of chitin and chitinases in asthma / Max A. Seibold and Esteban Gonzalez Burchard -- Chitinase like lectins in humans / Julia Kzhyshkowska -- Role of amcase in the gastric digestion of chitin / Maurizio G. Paoletti ... [et al.] -- Role of chitinase in gastroenterology / Emiko Mizoguchi and Mayumi Kawada -- Chitinase inhibitors and its significance in biology / Shohei Sakuda -- Recognition of chitin and chitin-derived chitooligosaccharides in nature / Franco Falcone. 606 $aChitin 606 $aChitinase 615 0$aChitin. 615 0$aChitinase. 676 $a573.7/74 701 $aMusumeci$b Salvatore$01193372 701 $aPaoletti$b M. G$0308112 801 0$bMiAaPQ 801 1$bMiAaPQ 801 2$bMiAaPQ 906 $aBOOK 912 $a9910785178203321 996 $aBinomium chitin-chitinase$93699958 997 $aUNINA LEADER 02267nas 2200601-a 450 001 9910145477103321 005 20260218112136.0 035 $a(CKB)991042754000686 035 $a(CONSER)sn-98034353- 035 $a(DE-599)ZDB2974015-0 035 $a(DE-599)2974015-0 035 $a(EXLCZ)99991042754000686 100 $a19980127b19912001 --- - 101 0 $aeng 181 $ctxt$2rdacontent 182 $cc$2rdamedia 183 $acr$2rdacarrier 200 00$aStata technical bulletin 210 $aSanta Monica, Calif. $cComputing Resource Center$dİ1992- 210 3 $aCollege Station, Tex. $cStata Corp 215 $a1 online resource 311 08$aPrint version: Stata technical bulletin. 1097-8879 (DLC)sn 98034353 (OCoLC)38274544 517 1 $aStata technical bulletin reprints 517 1 $aSTB 606 $aSocial sciences$xStatistical methods$xComputer programs$vPeriodicals 606 $aSocial sciences$xStatistics$xComputer programs$vPeriodicals 606 $aStatistics$xComputer programs$vPeriodicals 606 $aSocial sciences$xStatistical methods$xComputer programs$2fast$3(OCoLC)fst01122984 606 $aSocial sciences$xStatistics$xComputer programs$2fast$3(OCoLC)fst01122994 606 $aStatistics$xComputer programs$2fast$3(OCoLC)fst01132111 606 $aSocial Sciences$vperiodicals 606 $aSocial Sciences 606 $aStatistics as Topic$xmethods$vperiodicals 606 $aStatistics as Topic$xmethods 606 $aSoftware 608 $aPeriodicals.$2fast 615 0$aSocial sciences$xStatistical methods$xComputer programs 615 0$aSocial sciences$xStatistics$xComputer programs 615 0$aStatistics$xComputer programs 615 7$aSocial sciences$xStatistical methods$xComputer programs. 615 7$aSocial sciences$xStatistics$xComputer programs. 615 7$aStatistics$xComputer programs. 615 12$aSocial Sciences 615 12$aSocial Sciences. 615 12$aStatistics as Topic$xmethods 615 12$aStatistics as Topic$xmethods. 615 22$aSoftware. 712 02$aStata Corporation, 906 $aJOURNAL 912 $a9910145477103321 920 $aexl_impl conversion 996 $aStata technical bulletin$92077230 997 $aUNINA